Hannibal Franchise Cast - Statistics

General Stats
  • This quiz has been taken 31 times
    5 since last reset
  • The average score is 7 of 24
Answer Stats
Hint Answer % Correct
Hannibal Lecter Red Dragon, The Silence of the Lambs, Hannibal Anthony Hopkins
80%
Clarice Sterling The Silence of the Lambs Jodie Foster
80%
Hannibal Lecter Manhunter Brian Cox
60%
Will Graham Red Dragon Edward Norton
60%
Will Graham Hannibal (TV) Hugh Dancy
60%
Hannibal Lecter Hannibal (TV) Mads Mikkelsen
60%
Mason Verger Hannibal Gary Oldman
40%
Bedelia Du Maurier Hannibal (TV) Gillian Anderson
40%
Clarice Sterling Hannibal Julianne Moore
40%
Jack Crawford Hannibal (TV) Laurence Fishburne
40%
Freddy Lounds Red Dragon Philip Seymour Hoffman
40%
Paul Krendler Hannibal Ray Liotta
40%
Jack Crawford Red Dragon Harvey Keitel
20%
Francis Dolarhyde Red Dragon Ralph Fiennes
20%
Frederick Chilton The Silence of the Lambs, Red Dragon Anthony Heald
0%
Jack Crawford Manhunter Dennis Farina
0%
Reba McClane Red Dragon Emily Watson
0%
Hannibal Lecter Hannibal Rising Gaspard Ulliel
0%
Reba McClane Manhunter Joan Allen
0%
Clarice Sterling Clarice (TV) Rebecca Breeds
0%
Francis Dolarhyde Hannibal (TV) Richard Armitage
0%
Jack Crawford The Silence of the Lambs Scott Glenn
0%
Freddy Lounds Manhunter Stephen Lang
0%
Buffalo Bill The Silence of the Lambs Ted Levine
0%
No matching quizzes found
Score Distribution
Percent of People with Each Score
Percentile by Number Answered
Your Score History
You have not taken this quiz since the last reset